00931nam a22002297a 4500003000200000005001700002008004100019050002100060100002400081245015900105260007100264300004400335504005700379650003500436650003800471650004800509650003900557700002400596700002400620700002900644700002800673020250116151511.0250116b xxu||||| |||| 00| 0 eng d aRT 71b.F96 2024 aFuller, Rasheed G.  aA comparative study of spiritual intelligence scores among nursing students in selected colleges and universities in south metro manilacRasheed G. Fuller aLas Pinas CitybSouthville International School and Collegesc2024 aix, 91 pages :billustrations ;c29cm.  aIncludes bibliographical references and appendices.  aNursing students—Psychology. aSpiritual intelligence—Testing. aNursing—Study and teaching—Philippines. aComparative studies—Philippines. aGalicha, Olivia R.  aGarces, Angelo Jose aGarcia, Hannah Regina C. aHipolito, Cassandra L.